| 000 | 00901nam a2200229 a 4500 | ||
|---|---|---|---|
| 001 | 40174 | ||
| 003 | BD-RjUL | ||
| 005 | 20211209053143.0 | ||
| 008 | 160423s1969 bg ||||| |||| 00| 0 ben d | ||
| 020 | _c: IRs 20.00 | ||
| 035 | _a(BD-RjUL)40289 | ||
| 040 |
_aBD-RjUL _bben _cBD-RjUL |
||
| 041 | _aben | ||
| 082 |
_223 _a891.4409 _bMUB 1969 |
||
| 100 |
_aমুহম্মদ, কাজী দীন _9123683 |
||
| 245 | 1 | 0 |
_aবাংলা সাহিত্যের ইতিহাস / _cকাজী দীন মুহম্মদ |
| 260 |
_aঢাকা : _bস্টুডেন্ট ওয়েজ, _c১৯৬৯ |
||
| 300 |
_a[৮], ৬৭৭ পৃ. ; _c২১ সেমি. |
||
| 650 |
_aবাংলা সাহিত্য _xইতিহাস ও সমালোচনা _9118060 |
||
| 650 |
_aBengali Literature _xHistory and Criticism _9117020 |
||
| 942 |
_2ddc _cBK |
||
| 999 |
_c40174 _d40174 |
||